| 000 | 01466nam a2200433 i 4500 | ||
|---|---|---|---|
| 001 | 1716 | ||
| 003 | KOSZ 005 | ||
| 005 | 20200518135844.0 | ||
| 008 | 000516s1978 pl a f f |001 0 pol | ||
| 015 | _aPB 1979/1987 | ||
| 035 | _a991013918249705066 | ||
| 035 | _a(PL-WaBN)b13743557-48omnis_nlop | ||
| 035 | _ab13743557 | ||
| 035 | _a(OCoLC)749361128 | ||
| 035 | _a(PL)b0000001374355 | ||
| 035 | _a(EXLNZ-48OMNIS_NETWORK)9910164065605606 | ||
| 040 |
_aWA N _cWA N _dKOSZ 005/EC |
||
| 041 | 0 | _apol | |
| 046 | _k1978 | ||
| 080 | _a331.01 | ||
| 080 | _a(075.8) | ||
| 245 | 0 | 0 |
_aPodstawy ekonomiki pracy / _cpod red. naukową Ferdynanda Michonia ; [poszczególne rozdz. napisali Anna Francik et al.]. |
| 260 |
_aWarszawa : _b"Książka i Wiedza", _c1978. |
||
| 300 |
_a376, [3] s. : _bil., tab., wykr. ; _c21 cm. |
||
| 380 | _aKsiążki | ||
| 388 | _a1901-2000 | ||
| 388 | _a1945-1989 | ||
| 504 | _aBibliogr. przy rozdz. - Indeksy. | ||
| 650 | 7 |
_aPraca _2DBN |
|
| 650 | 7 |
_aEkonomika _2DBN |
|
| 655 | 7 |
_aPodręczniki akademickie _2DBN |
|
| 658 | _aZarządzanie i marketing | ||
| 700 | 1 |
_aFrancik Anna _eAutor |
|
| 700 | 1 |
_aMichoń, Ferdynand _d(1916-1997). _eRedakcja |
|
| 710 | 2 |
_aSpółdzielnia Wydawniczo-Handlowa "Książka i Wiedza" _4pbl. |
|
| 856 |
_uhttp://koha.tu.koszalin.pl/cgi-bin/koha/opac-detail.pl?biblionumber=1716 _yKatalog online BPK |
||
| 942 |
_2UKD _cKS |
||
| 999 |
_c1716 _d1716 |
||